Enfoque de calidad y mejora de la enseñanza en la modalidad de educación a distancia (En el contexto de la carrera de Ing. de Sistemas de la UNI, de Nicaragua)

La universidad Nacional de Ingeniería (UNI) incorpora en 1997, la Modalidad de Educación a Distancia, a la que denomina “Modalidad de Régimen Especial”, como parte de su programa académico. Actualmente se sirven un total de seis carreras en cuatro de las seis facultades de la universidad dentro...

Full description

Bibliographic Details
Main Author: López Martínez, Ninnette Salvadora
Other Authors: Tutor: García Arieto, Lorenzo
Format: Tesis Section = Libro
Language:Undetermined
Spanish
Published: Managua UNED 2002
Subjects:
LEADER 01301nam a2200253Ia 4500
008 240830s9999 xx 000 0 und d
040 |a BIBLIOTECA-RUSB/ T.Mon 371.39442 L864 
041 |a spa 
082 |a T.Mon 371.39442 L864 
100 1 |a López Martínez, Ninnette Salvadora 
245 1 0 |a Enfoque de calidad y mejora de la enseñanza en la modalidad de educación a distancia (En el contexto de la carrera de Ing. de Sistemas de la UNI, de Nicaragua) 
260 |a Managua  |b UNED  |c 2002 
300 |a 119 p. :il. 
500 |a Contiene: anexos. 
502 |a Tesis (Máster en Enseñanza y Aprendizaje Abiertos y a Distancia) - UNED, 2002. 
520 3 |a La universidad Nacional de Ingeniería (UNI) incorpora en 1997, la Modalidad de Educación a Distancia, a la que denomina “Modalidad de Régimen Especial”, como parte de su programa académico. Actualmente se sirven un total de seis carreras en cuatro de las seis facultades de la universidad dentro la Modalidad de Educación a Distancia. 
650 7 |a APRENDIZAJE PROGRAMADO - EDUCACIONA DISTANCIA 
650 7 |b  EDUCACION A DISTANCIA - UNI 
650 7 |c  CONSTRUCTIVISMO 
650 7 |d  EDUCACION A DISTANCIA - ING EN SISTEMAS 
700 1 |a Tutor:  |b García Arieto, Lorenzo 
942 |c BK  |2 ddc 
991 |a TESIS 
999 |c 21775